[Event "Amateur Tournament (ATO)"]
[Site "https://www.chess.com"]
[Date "2025.07.22"]
[Round "7"]
[White "Barros, Gustavo"]
[Black "Funk, Kurt"]
[Result "1/2-1/2"]
[Board "37"]
[WhiteFideId "1368125"]
[BlackFideId "1317423"]
[WhiteElo "1658"]
[BlackElo "1734"]
[WhiteTeam "SUI"]
[BlackTeam "SUI"]
[WhiteClock "0:04:56"]
[BlackClock "0:08:56"]
[Variant "Standard"]

1. d4 {[%clk 1:30:34]}  Nf6 {[%clk 1:30:53]} 2. c4 {[%clk 1:30:58]}  g6 {[%clk 1:31:17]} 3. Nc3 {[%clk 1:31:19]}  Bg7 {[%clk 1:31:41]} 4. e4 {[%clk 1:30:47]}  d6 {[%clk 1:32:04]} 5. h3 {[%clk 1:30:47]}  Nbd7 {[%clk 1:28:42]} 6. Nf3 {[%clk 1:29:53]}  O-O {[%clk 1:28:46]} 7. Bf4 {[%clk 1:27:55]}  Re8 {[%clk 1:22:47]} 8. Be2 {[%clk 1:21:09]}  e5 {[%clk 1:19:09]} 9. dxe5 {[%clk 1:15:13]}  dxe5 {[%clk 1:18:20]} 10. Nxe5 {[%clk 1:08:16]}  Qe7 {[%clk 1:08:22]} 11. Nxd7 {[%clk 0:59:03]}  Nxe4 {[%clk 1:00:43]} 12. Nd5 {[%clk 0:44:02]}  Qd8 {[%clk 0:53:31]} 13. Nxc7 {[%clk 0:39:33]}  Bxb2 {[%clk 0:49:12]} 14. Nxe8 {[%clk 0:29:48]}  Qxe8 {[%clk 0:48:15]} 15. Rb1 {[%clk 0:24:59]}  Bc3+ {[%clk 0:42:42]} 16. Kf1 {[%clk 0:20:10]}  Bxd7 {[%clk 0:35:01]} 17. Rxb7 {[%clk 0:18:38]}  Bc6 {[%clk 0:29:52]} 18. Rc7 {[%clk 0:16:46]}  Ba5 {[%clk 0:26:14]} 19. Rxc6 {[%clk 0:11:57]}  Qxc6 {[%clk 0:26:03]} 20. Bh6 {[%clk 0:07:55]}  Qf6 {[%clk 0:24:54]} 21. Bf3 {[%clk 0:06:47]}  Rd8 {[%clk 0:21:30]} 22. Qc1 {[%clk 0:03:51]}  Nc5 {[%clk 0:16:51]} 23. Bg5 {[%clk 0:03:12]}  Qd4 {[%clk 0:11:43]} 24. Bxd8 {[%clk 0:03:21]}  Bxd8 {[%clk 0:11:31]} 25. Bd5 {[%clk 0:02:59]}  Nd3 {[%clk 0:11:19]} 26. Qd2 {[%clk 0:01:20]}  Qa1+ {[%clk 0:07:42]} 27. Ke2 {[%clk 0:01:44]}  Qxh1 {[%clk 0:07:47]} 28. Qxd3 {[%clk 0:01:52]}  Bf6 {[%clk 0:02:14]} 29. Qb3 {[%clk 0:01:35]}  Qc1 {[%clk 0:02:16]} 30. Qd3 {[%clk 0:01:16]}  Qb2+ {[%clk 0:02:20]} 31. Qd2 {[%clk 0:01:32]}  Qxd2+ {[%clk 0:02:33]} 32. Kxd2 {[%clk 0:02:00]}  Bd4 {[%clk 0:02:50]} 33. f3 {[%clk 0:02:11]}  Kg7 {[%clk 0:03:02]} 34. Kd3 {[%clk 0:02:32]}  Bc5 {[%clk 0:03:08]} 35. Ke4 {[%clk 0:02:43]}  Kf6 {[%clk 0:03:11]} 36. g4 {[%clk 0:02:49]}  g5 {[%clk 0:03:02]} 37. a4 {[%clk 0:02:49]}  h6 {[%clk 0:03:07]} 38. f4 {[%clk 0:02:32]}  Bf2 {[%clk 0:02:12]} 39. Bb7 {[%clk 0:01:34]}  Bc5 {[%clk 0:01:51]} 40. f5 {[%clk 0:00:57]}  Bf2 {[%clk 0:00:39]} 41. Kd5 {[%clk 0:01:04]}  Bg3 {[%clk 0:28:58]} 42. c5 {[%clk 0:26:30]}  Ke7 {[%clk 0:26:41]} 43. Kc6 {[%clk 0:23:52]}  Kd8 {[%clk 0:24:29]} 44. Ba6 {[%clk 0:21:45]}  Bf2 {[%clk 0:21:48]} 45. Bc4 {[%clk 0:20:25]}  Ke7 {[%clk 0:17:44]} 46. Kb5 {[%clk 0:16:28]}  f6 {[%clk 0:16:18]} 47. c6 {[%clk 0:13:37]}  Kd6 {[%clk 0:16:16]} 48. Bf1 {[%clk 0:12:35]}  Be3 {[%clk 0:11:08]} 49. Bg2 {[%clk 0:10:49]}  Kc7 {[%clk 0:09:12]} 50. Kc4 {[%clk 0:08:05]}  Kd6 {[%clk 0:09:09]} 51. a5 {[%clk 0:07:13]}  Bf2 {[%clk 0:08:57]} 52. Kb5 {[%clk 0:04:56]}  Kc7 {[%clk 0:08:56]} 53. Bd5 {[%clk 0:04:56]} 1/2-1/2

[Event "Amateur Tournament (ATO)"]
[Site "https://www.chess.com"]
[Date "2025.07.22"]
[Round "7"]
[White "Muehlemann, Walter"]
[Black "Christoffersen, Odd"]
[Result "0-1"]
[Board "39"]
[WhiteFideId "1307010"]
[BlackFideId "1506129"]
[WhiteElo "1624"]
[BlackElo "1728"]
[WhiteTeam "SUI"]
[BlackTeam "NOR"]
[WhiteClock "0:43:03"]
[BlackClock "0:11:17"]
[Variant "Standard"]

1. e4 {[%clk 1:30:59]}  e5 {[%clk 1:30:41]} 2. Nf3 {[%clk 1:31:22]}  Nf6 {[%clk 1:31:03]} 3. Nxe5 {[%clk 1:31:42]}  d6 {[%clk 1:31:18]} 4. Nf3 {[%clk 1:31:56]}  Nxe4 {[%clk 1:31:30]} 5. Bc4 {[%clk 1:31:00]}  Be7 {[%clk 1:26:23]} 6. O-O {[%clk 1:31:12]}  d5 {[%clk 1:26:23]} 7. Bb3 {[%clk 1:31:05]}  O-O {[%clk 1:26:21]} 8. Re1 {[%clk 1:29:40]}  Bg4 {[%clk 1:24:14]} 9. d4 {[%clk 1:28:56]}  Re8 {[%clk 1:21:37]} 10. Nbd2 {[%clk 1:28:34]}  Nf6 {[%clk 1:20:10]} 11. c4 {[%clk 1:28:28]}  Nc6 {[%clk 1:19:09]} 12. cxd5 {[%clk 1:27:57]}  Nxd4 {[%clk 1:16:52]} 13. Ne4 {[%clk 1:26:09]}  Nxe4 {[%clk 1:08:40]} 14. Qxd4 {[%clk 1:25:28]}  Bxf3 {[%clk 1:03:50]} 15. gxf3 {[%clk 1:25:40]}  Nd6 {[%clk 1:02:57]} 16. Bf4 {[%clk 1:24:16]}  Bf6 {[%clk 0:57:40]} 17. Rxe8+ {[%clk 1:24:14]}  Qxe8 {[%clk 0:57:06]} 18. Qd2 {[%clk 1:24:10]}  Qd7 {[%clk 0:55:57]} 19. Re1 {[%clk 1:23:11]}  Nf5 {[%clk 0:55:13]} 20. Bg3 {[%clk 1:21:41]}  Nd4 {[%clk 0:50:37]} 21. Qd3 {[%clk 1:19:41]}  h5 {[%clk 0:46:41]} 22. Re4 {[%clk 1:17:05]}  Nf5 {[%clk 0:42:27]} 23. Qc2 {[%clk 1:13:28]}  Rc8 {[%clk 0:37:53]} 24. Kg2 {[%clk 1:13:04]}  Nd4 {[%clk 0:35:53]} 25. Qd3 {[%clk 1:12:58]}  Ne6 {[%clk 0:30:03]} 26. Qc4 {[%clk 1:06:10]}  Ng5 {[%clk 0:28:50]} 27. Rh4 {[%clk 1:05:28]}  g6 {[%clk 0:25:15]} 28. Qf4 {[%clk 1:02:30]}  Nh7 {[%clk 0:24:20]} 29. Rxh5 {[%clk 0:55:16]}  gxh5 {[%clk 0:23:47]} 30. Qh6 {[%clk 0:55:10]}  Qf5 {[%clk 0:22:02]} 31. h4 {[%clk 0:54:17]}  b5 {[%clk 0:20:29]} 32. Qe3 {[%clk 0:53:15]}  a5 {[%clk 0:20:00]} 33. Qe2 {[%clk 0:52:39]}  Qd7 {[%clk 0:19:06]} 34. Qd3 {[%clk 0:52:30]}  Nf8 {[%clk 0:18:29]} 35. Bc2 {[%clk 0:49:04]}  Rd8 {[%clk 0:16:11]} 36. Qe3 {[%clk 0:48:07]}  a4 {[%clk 0:13:13]} 37. Be4 {[%clk 0:47:55]}  Kg7 {[%clk 0:12:15]} 38. Be5 {[%clk 0:46:37]}  Ng6 {[%clk 0:11:30]} 39. Bxf6+ {[%clk 0:46:00]}  Kxf6 {[%clk 0:11:37]} 40. Qg5+ {[%clk 0:46:04]}  Kg7 {[%clk 0:11:46]} 41. Qxh5 {[%clk 0:44:44]}  Qe7 {[%clk 0:11:15]} 42. Qg4 {[%clk 0:44:00]}  Qxh4 {[%clk 0:11:02]} 43. Bxg6 {[%clk 0:43:03]}  Qxg4+ {[%clk 0:11:17]} 0-1

[Event "Amateur Tournament (ATO)"]
[Site "https://www.chess.com"]
[Date "2025.07.22"]
[Round "7"]
[White "Archit Saigal"]
[Black "Lachausse, Bruno"]
[Result "1-0"]
[Board "42"]
[WhiteFideId "46631291"]
[BlackFideId "1313231"]
[WhiteElo "1494"]
[BlackElo "1761"]
[WhiteTeam "IND"]
[BlackTeam "SUI"]
[WhiteClock "0:04:39"]
[BlackClock "0:29:04"]
[Variant "Standard"]

1. e4 {[%clk 1:26:02]}  c5 {[%clk 1:30:24]} 2. Nf3 {[%clk 1:26:21]}  e6 {[%clk 1:30:34]} 3. c3 {[%clk 1:26:35]}  d5 {[%clk 1:30:30]} 4. exd5 {[%clk 1:26:58]}  Qxd5 {[%clk 1:30:29]} 5. Na3 {[%clk 1:27:18]}  a6 {[%clk 1:30:36]} 6. Nc4 {[%clk 1:24:20]}  Qd8 {[%clk 1:28:22]} 7. Be2 {[%clk 1:14:21]}  Nf6 {[%clk 1:26:35]} 8. O-O {[%clk 1:13:24]}  Be7 {[%clk 1:26:44]} 9. d4 {[%clk 1:13:24]}  O-O {[%clk 1:26:27]} 10. Bg5 {[%clk 1:01:05]}  b5 {[%clk 1:25:19]} 11. Ne3 {[%clk 0:57:52]}  Bb7 {[%clk 1:23:28]} 12. a4 {[%clk 0:51:55]}  c4 {[%clk 1:18:30]} 13. axb5 {[%clk 0:45:51]}  axb5 {[%clk 1:18:19]} 14. Rxa8 {[%clk 0:45:29]}  Bxa8 {[%clk 1:18:23]} 15. b3 {[%clk 0:42:35]}  Nd5 {[%clk 1:11:07]} 16. Bxe7 {[%clk 0:39:41]}  Qxe7 {[%clk 1:11:07]} 17. Qd2 {[%clk 0:33:01]}  Nxe3 {[%clk 0:57:14]} 18. fxe3 {[%clk 0:30:45]}  Bd5 {[%clk 0:56:39]} 19. bxc4 {[%clk 0:26:52]}  bxc4 {[%clk 0:55:48]} 20. Ne5 {[%clk 0:25:23]}  Qc7 {[%clk 0:55:05]} 21. Qc2 {[%clk 0:15:58]}  f6 {[%clk 0:53:45]} 22. Ng4 {[%clk 0:15:08]}  Nd7 {[%clk 0:52:44]} 23. e4 {[%clk 0:15:07]}  Ba8 {[%clk 0:51:29]} 24. Ne3 {[%clk 0:15:14]}  Nb6 {[%clk 0:50:23]} 25. Bg4 {[%clk 0:11:49]}  Qc6 {[%clk 0:48:38]} 26. Bf3 {[%clk 0:12:11]}  Qc7 {[%clk 0:48:35]} 27. Rd1 {[%clk 0:10:06]}  Rd8 {[%clk 0:47:25]} 28. Qe2 {[%clk 0:06:38]}  Na4 {[%clk 0:41:52]} 29. Qc2 {[%clk 0:06:01]}  Nb6 {[%clk 0:41:22]} 30. d5 {[%clk 0:05:43]}  Qc5 {[%clk 0:41:06]} 31. Qf2 {[%clk 0:05:12]}  exd5 {[%clk 0:40:40]} 32. exd5 {[%clk 0:05:13]}  Nxd5 {[%clk 0:40:13]} 33. Nxd5 {[%clk 0:05:23]}  Qa3 {[%clk 0:29:04]} 34. Qd4 {[%clk 0:04:39]} 1-0

[Event "Amateur Tournament (ATO)"]
[Site "https://www.chess.com"]
[Date "2025.07.22"]
[Round "7"]
[White "Brand, Thomas"]
[Black "Trachsel, Peter"]
[Result "0-1"]
[Board "43"]
[WhiteFideId "34641009"]
[BlackFideId "1303058"]
[WhiteElo "1464"]
[BlackElo "1695"]
[WhiteTeam "GER"]
[BlackTeam "SUI"]
[WhiteClock "0:17:30"]
[BlackClock "0:52:37"]
[Variant "Standard"]

1. d4 {[%clk 1:30:57]}  d5 {[%clk 1:30:44]} 2. c4 {[%clk 1:31:18]}  c6 {[%clk 1:30:54]} 3. Nc3 {[%clk 1:31:38]}  Nf6 {[%clk 1:31:00]} 4. Bf4 {[%clk 1:31:35]}  e6 {[%clk 1:29:49]} 5. e3 {[%clk 1:30:22]}  Nbd7 {[%clk 1:27:28]} 6. Nf3 {[%clk 1:27:12]}  Be7 {[%clk 1:24:55]} 7. cxd5 {[%clk 1:25:17]}  Nxd5 {[%clk 1:23:22]} 8. Nxd5 {[%clk 1:23:11]}  exd5 {[%clk 1:20:26]} 9. a3 {[%clk 1:21:37]}  Nf6 {[%clk 1:19:33]} 10. Bd3 {[%clk 1:21:29]}  Bg4 {[%clk 1:17:06]} 11. O-O {[%clk 1:15:23]}  Nh5 {[%clk 1:14:04]} 12. Bg3 {[%clk 1:09:48]}  Bd6 {[%clk 1:03:02]} 13. h3 {[%clk 1:02:16]}  Nxg3 {[%clk 1:00:44]} 14. fxg3 {[%clk 1:02:28]}  Bh5 {[%clk 1:00:11]} 15. g4 {[%clk 0:58:41]}  Bg6 {[%clk 1:00:08]} 16. Bxg6 {[%clk 0:55:50]}  hxg6 {[%clk 1:00:27]} 17. Ne5 {[%clk 0:51:21]}  Bxe5 {[%clk 0:57:55]} 18. dxe5 {[%clk 0:51:35]}  Qe7 {[%clk 0:58:13]} 19. Qf3 {[%clk 0:49:30]}  O-O {[%clk 0:57:56]} 20. Qg3 {[%clk 0:46:47]}  Rae8 {[%clk 0:57:44]} 21. Rae1 {[%clk 0:42:29]}  Qxe5 {[%clk 0:57:15]} 22. Qxe5 {[%clk 0:40:43]}  Rxe5 {[%clk 0:57:32]} 23. Rf4 {[%clk 0:38:23]}  Rfe8 {[%clk 0:54:58]} 24. Ref1 {[%clk 0:36:09]}  R8e7 {[%clk 0:54:33]} 25. e4 {[%clk 0:30:15]}  Rxe4 {[%clk 0:54:37]} 26. R4f3 {[%clk 0:26:50]}  Re1 {[%clk 0:52:19]} 27. b4 {[%clk 0:23:53]}  Rxf1+ {[%clk 0:51:20]} 28. Kxf1 {[%clk 0:23:33]}  Re4 {[%clk 0:49:45]} 29. Rc3 {[%clk 0:20:56]}  a6 {[%clk 0:48:36]} 30. Kf2 {[%clk 0:20:16]}  Rc4 {[%clk 0:47:10]} 31. Re3 {[%clk 0:17:52]}  Kf8 {[%clk 0:47:26]} 32. Re5 {[%clk 0:17:40]}  Rc3 {[%clk 0:45:27]} 33. a4 {[%clk 0:13:05]}  Rb3 {[%clk 0:45:34]} 34. b5 {[%clk 0:13:00]}  axb5 {[%clk 0:45:46]} 35. axb5 {[%clk 0:13:13]}  Rxb5 {[%clk 0:46:01]} 36. Re3 {[%clk 0:08:20]}  d4 {[%clk 0:44:43]} 37. Ra3 {[%clk 0:07:50]}  Rd5 {[%clk 0:44:32]} 38. Ke2 {[%clk 0:05:06]}  Rd7 {[%clk 0:39:22]} 39. Kd3 {[%clk 0:03:19]}  c5 {[%clk 0:38:18]} 40. Ra5 {[%clk 0:01:10]}  b6 {[%clk 0:34:20]} 41. Ra8+ {[%clk 0:01:23]}  Ke7 {[%clk 0:33:47]} 42. Rb8 {[%clk 0:01:31]}  c4+ {[%clk 0:33:56]} 43. Kd2 {[%clk 0:00:41]}  Rd6 {[%clk 0:33:43]} 44. Rb7+ {[%clk 0:28:57]}  Kf6 {[%clk 1:03:31]} 45. Rc7 {[%clk 0:28:24]}  b5 {[%clk 1:03:09]} 46. Rc5 {[%clk 0:28:28]}  Rb6 {[%clk 1:01:18]} 47. Rd5 {[%clk 0:28:13]}  Ke6 {[%clk 1:01:10]} 48. Rg5 {[%clk 0:24:02]}  Kd6 {[%clk 0:57:51]} 49. h4 {[%clk 0:22:46]}  b4 {[%clk 0:56:51]} 50. h5 {[%clk 0:22:38]}  c3+ {[%clk 0:55:33]} 51. Kd3 {[%clk 0:21:06]}  b3 {[%clk 0:54:01]} 52. hxg6 {[%clk 0:19:06]}  f6 {[%clk 0:53:00]} 53. Ra5 {[%clk 0:18:09]}  b2 {[%clk 0:53:10]} 54. Kxd4 {[%clk 0:17:30]}  b1=Q {[%clk 0:52:21]} 55. Rd5+ {[%clk 0:17:30]}  Ke7 {[%clk 0:52:37]} 0-1

[Event "Amateur Tournament (ATO)"]
[Site "https://www.chess.com"]
[Date "2025.07.22"]
[Round "7"]
[White "Strebel, Beda"]
[Black "Huber, Ruth"]
[Result "1-0"]
[Board "45"]
[WhiteFideId "1366432"]
[BlackFideId "1315234"]
[WhiteElo "1695"]
[BlackElo "1600"]
[WhiteTeam "SUI"]
[BlackTeam "SUI"]
[WhiteClock "0:55:06"]
[BlackClock "0:57:12"]
[Variant "Standard"]

1. e4 {[%clk 1:30:53]}  c5 {[%clk 1:30:24]} 2. Nf3 {[%clk 1:31:09]}  d6 {[%clk 1:30:45]} 3. Bb5+ {[%clk 1:31:30]}  Bd7 {[%clk 1:30:38]} 4. Bxd7+ {[%clk 1:31:54]}  Nxd7 {[%clk 1:30:41]} 5. c4 {[%clk 1:32:00]}  Ngf6 {[%clk 1:30:16]} 6. Nc3 {[%clk 1:32:22]}  g6 {[%clk 1:30:09]} 7. d4 {[%clk 1:32:37]}  cxd4 {[%clk 1:30:02]} 8. Nxd4 {[%clk 1:33:02]}  Bg7 {[%clk 1:30:11]} 9. Be3 {[%clk 1:29:59]}  a6 {[%clk 1:28:32]} 10. f3 {[%clk 1:28:17]}  O-O {[%clk 1:20:10]} 11. O-O {[%clk 1:26:59]}  Ne5 {[%clk 1:18:01]} 12. b3 {[%clk 1:22:44]}  Rc8 {[%clk 1:17:18]} 13. Rc1 {[%clk 1:19:18]}  Nc6 {[%clk 1:13:19]} 14. Qd3 {[%clk 1:13:28]}  Nd7 {[%clk 1:08:16]} 15. Rfd1 {[%clk 1:10:20]}  Nxd4 {[%clk 1:04:38]} 16. Bxd4 {[%clk 1:10:36]}  Ne5 {[%clk 1:03:40]} 17. Qe2 {[%clk 1:07:20]}  Nc6 {[%clk 0:57:12]} 18. Qb2 {[%clk 0:55:06]} 1-0

[Event "Amateur Tournament (ATO)"]
[Site "https://www.chess.com"]
[Date "2025.07.22"]
[Round "7"]
[White "Klas, Friedrich Guenther"]
[Black "Jakob, Dominic"]
[Result "1-0"]
[Board "46"]
[WhiteFideId "24669970"]
[BlackFideId "1346920"]
[WhiteElo "1686"]
[BlackElo "1598"]
[WhiteTeam "GER"]
[BlackTeam "SUI"]
[WhiteClock "0:28:31"]
[BlackClock "0:21:03"]
[Variant "Standard"]

1. e4 {[%clk 1:30:45]}  e5 {[%clk 1:30:23]} 2. Nc3 {[%clk 1:31:13]}  Nf6 {[%clk 1:29:47]} 3. f4 {[%clk 1:31:24]}  d6 {[%clk 1:26:25]} 4. Bb5+ {[%clk 1:30:47]}  Bd7 {[%clk 1:23:53]} 5. Bc4 {[%clk 1:30:40]}  c5 {[%clk 1:18:32]} 6. d3 {[%clk 1:24:16]}  Nc6 {[%clk 1:15:28]} 7. a3 {[%clk 1:24:46]}  Nd4 {[%clk 1:10:46]} 8. f5 {[%clk 1:21:59]}  g6 {[%clk 1:04:34]} 9. fxg6 {[%clk 1:20:24]}  fxg6 {[%clk 1:02:22]} 10. Bg5 {[%clk 1:19:35]}  Be7 {[%clk 0:57:51]} 11. Nge2 {[%clk 1:17:11]}  Nxe2 {[%clk 0:50:41]} 12. Nxe2 {[%clk 1:16:45]}  h6 {[%clk 0:50:11]} 13. Bd2 {[%clk 1:14:33]}  Qc8 {[%clk 0:47:29]} 14. O-O {[%clk 1:10:49]}  Be6 {[%clk 0:45:38]} 15. Bxe6 {[%clk 1:03:43]}  Qxe6 {[%clk 0:45:42]} 16. Nc3 {[%clk 1:03:41]}  O-O-O {[%clk 0:39:31]} 17. a4 {[%clk 0:51:36]}  c4 {[%clk 0:36:01]} 18. Nb5 {[%clk 0:51:05]}  a6 {[%clk 0:35:30]} 19. Na3 {[%clk 0:49:15]}  cxd3 {[%clk 0:34:17]} 20. cxd3 {[%clk 0:49:18]}  Kb8 {[%clk 0:30:31]} 21. a5 {[%clk 0:48:03]}  d5 {[%clk 0:28:34]} 22. Qb3 {[%clk 0:46:33]}  Bc5+ {[%clk 0:26:07]} 23. Kh1 {[%clk 0:46:54]}  Bxa3 {[%clk 0:26:22]} 24. bxa3 {[%clk 0:45:40]}  g5 {[%clk 0:22:46]} 25. Rab1 {[%clk 0:43:21]}  Rh7 {[%clk 0:21:20]} 26. Rf5 {[%clk 0:38:35]}  Re8 {[%clk 0:16:25]} 27. Bc3 {[%clk 0:35:29]}  dxe4 {[%clk 0:14:06]} 28. Qxe6 {[%clk 0:35:25]}  Rxe6 {[%clk 0:14:20]} 29. Bxe5+ {[%clk 0:33:56]}  Ka8 {[%clk 0:13:15]} 30. Bxf6 {[%clk 0:32:50]}  Rf7 {[%clk 0:12:39]} 31. Rbf1 {[%clk 0:31:16]}  exd3 {[%clk 0:10:57]} 32. Bc3 {[%clk 0:28:55]}  Rd7 {[%clk 0:08:54]} 33. h3 {[%clk 0:22:30]}  Rc6 {[%clk 0:04:21]} 34. Bd2 {[%clk 0:14:37]}  Rc2 {[%clk 0:02:11]} 35. Rf8+ {[%clk 0:14:07]}  Ka7 {[%clk 0:02:34]} 36. Be3+ {[%clk 0:14:24]}  b6 {[%clk 0:02:57]} 37. Rb1 {[%clk 0:11:27]}  Rc6 {[%clk 0:00:31]} 38. axb6+ {[%clk 0:10:54]}  Kb7 {[%clk 0:00:49]} 39. Rd1 {[%clk 0:08:08]}  Re6 {[%clk 0:00:53]} 40. Rf3 {[%clk 0:07:29]}  Rc6 {[%clk 0:00:34]} 41. Bd2 {[%clk 0:03:04]}  Rxb6 {[%clk 0:29:35]} 42. Bb4 {[%clk 0:33:11]}  a5 {[%clk 0:21:42]} 43. Bxa5 {[%clk 0:28:04]}  Rb3 {[%clk 0:21:03]} 44. Bb4 {[%clk 0:28:31]} 1-0

[Event "Amateur Tournament (ATO)"]
[Site "https://www.chess.com"]
[Date "2025.07.23"]
[Round "8"]
[White "Ding, Shirui"]
[Black "Tkhoruk, Roman"]
[Result "1/2-1/2"]
[Board "1"]
[WhiteFideId "8618445"]
[BlackFideId "34161589"]
[WhiteElo "1770"]
[BlackElo "1893"]
[WhiteTeam "CHN"]
[BlackTeam "SUI"]
[WhiteClock "0:04:01"]
[BlackClock "0:04:45"]
[Variant "Standard"]

1. d4 {[%clk 1:30:56]}  Nf6 {[%clk 1:30:54]} 2. c4 {[%clk 1:31:20]}  e6 {[%clk 1:31:19]} 3. g3 {[%clk 1:31:45]}  Bb4+ {[%clk 1:31:38]} 4. Bd2 {[%clk 1:32:05]}  Bxd2+ {[%clk 1:32:03]} 5. Qxd2 {[%clk 1:32:29]}  d5 {[%clk 1:32:03]} 6. Bg2 {[%clk 1:32:21]}  c6 {[%clk 1:31:49]} 7. c5 {[%clk 1:30:35]}  Nbd7 {[%clk 1:31:46]} 8. Nc3 {[%clk 1:28:56]}  O-O {[%clk 1:31:13]} 9. Nf3 {[%clk 1:27:09]}  b6 {[%clk 1:30:09]} 10. Na4 {[%clk 1:20:33]}  bxc5 {[%clk 1:25:29]} 11. Nxc5 {[%clk 1:20:38]}  Nxc5 {[%clk 1:25:53]} 12. dxc5 {[%clk 1:21:02]}  Ne4 {[%clk 1:26:16]} 13. Qd4 {[%clk 1:20:03]}  f6 {[%clk 1:20:17]} 14. O-O {[%clk 1:18:58]}  Ba6 {[%clk 1:19:09]} 15. Qe3 {[%clk 1:16:20]}  e5 {[%clk 1:13:19]} 16. b4 {[%clk 1:12:19]}  Rb8 {[%clk 1:10:00]} 17. Rab1 {[%clk 1:11:03]}  Bc4 {[%clk 1:09:02]} 18. Rfc1 {[%clk 1:06:45]}  Bb5 {[%clk 1:04:32]} 19. Rb2 {[%clk 1:04:02]}  a5 {[%clk 0:57:29]} 20. Bh3 {[%clk 0:57:12]}  Ba6 {[%clk 0:49:27]} 21. Qa3 {[%clk 0:42:24]}  Bc8 {[%clk 0:41:25]} 22. Bf1 {[%clk 0:21:41]}  axb4 {[%clk 0:36:30]} 23. Rxb4 {[%clk 0:22:00]}  Rxb4 {[%clk 0:33:10]} 24. Qxb4 {[%clk 0:22:24]}  Rf7 {[%clk 0:33:16]} 25. Qa4 {[%clk 0:15:04]}  Qe8 {[%clk 0:15:24]} 26. Ne1 {[%clk 0:14:40]}  Rb7 {[%clk 0:10:47]} 27. Nd3 {[%clk 0:13:30]}  Bd7 {[%clk 0:10:25]} 28. Bg2 {[%clk 0:12:14]}  f5 {[%clk 0:06:43]} 29. Qa6 {[%clk 0:10:53]}  Rb8 {[%clk 0:06:35]} 30. Qa7 {[%clk 0:09:53]}  Nf6 {[%clk 0:05:17]} 31. Qc7 {[%clk 0:06:06]}  Ng4 {[%clk 0:04:26]} 32. h3 {[%clk 0:05:14]}  e4 {[%clk 0:04:21]} 33. hxg4 {[%clk 0:04:01]}  exd3 {[%clk 0:04:45]} 1/2-1/2

[Event "Amateur Tournament (ATO)"]
[Site "https://www.chess.com"]
[Date "2025.07.23"]
[Round "8"]
[White "Kuenzli, Simon"]
[Black "Ruchat, Blaise"]
[Result "1-0"]
[Board "2"]
[WhiteFideId "1308475"]
[BlackFideId "1328921"]
[WhiteElo "1993"]
[BlackElo "1874"]
[WhiteTeam "SUI"]
[BlackTeam "SUI"]
[WhiteClock "0:12:48"]
[BlackClock "0:00:42"]
[Variant "Standard"]

1. e4 {[%clk 1:30:56]}  c5 {[%clk 1:30:49]} 2. Nf3 {[%clk 1:31:18]}  g6 {[%clk 1:31:02]} 3. c4 {[%clk 1:31:29]}  Bg7 {[%clk 1:30:25]} 4. d4 {[%clk 1:31:02]}  Nc6 {[%clk 1:20:53]} 5. d5 {[%clk 1:26:45]}  Nd4 {[%clk 1:19:11]} 6. Nc3 {[%clk 1:22:30]}  d6 {[%clk 1:18:31]} 7. h3 {[%clk 1:21:28]}  e5 {[%clk 1:14:39]} 8. dxe6 {[%clk 1:21:05]}  Nxf3+ {[%clk 1:03:21]} 9. Qxf3 {[%clk 1:19:57]}  Bxe6 {[%clk 1:03:44]} 10. Be2 {[%clk 1:16:47]}  Qb6 {[%clk 0:55:34]} 11. O-O {[%clk 1:14:56]}  Nf6 {[%clk 0:36:06]} 12. Qd3 {[%clk 1:04:22]}  Nd7 {[%clk 0:33:06]} 13. Nb5 {[%clk 0:51:08]}  Be5 {[%clk 0:33:08]} 14. Rd1 {[%clk 0:44:22]}  Ke7 {[%clk 0:16:49]} 15. f4 {[%clk 0:42:16]}  Bg7 {[%clk 0:14:06]} 16. Be3 {[%clk 0:31:22]}  Rad8 {[%clk 0:14:21]} 17. Qxd6+ {[%clk 0:26:08]}  Qxd6 {[%clk 0:13:08]} 18. Nxd6 {[%clk 0:26:26]}  b6 {[%clk 0:06:06]} 19. Rab1 {[%clk 0:20:43]}  Nb8 {[%clk 0:06:05]} 20. e5 {[%clk 0:20:16]}  f6 {[%clk 0:05:19]} 21. f5 {[%clk 0:16:28]}  gxf5 {[%clk 0:03:44]} 22. Rf1 {[%clk 0:12:35]}  fxe5 {[%clk 0:03:23]} 23. Nxf5+ {[%clk 0:12:51]}  Bxf5 {[%clk 0:03:14]} 24. Rxf5 {[%clk 0:13:15]}  Bf6 {[%clk 0:03:02]} 25. Rbf1 {[%clk 0:13:17]}  Rdf8 {[%clk 0:00:44]} 26. Bh6 {[%clk 0:13:06]}  Nd7 {[%clk 0:00:34]} 27. Bxf8+ {[%clk 0:13:13]}  Rxf8 {[%clk 0:01:01]} 28. Rh5 {[%clk 0:12:15]}  Rf7 {[%clk 0:01:04]} 29. Bf3 {[%clk 0:09:24]}  e4 {[%clk 0:01:05]} 30. Be2 {[%clk 0:09:04]}  Bd4+ {[%clk 0:01:22]} 31. Kh1 {[%clk 0:08:43]}  Nf6 {[%clk 0:00:40]} 32. Rhf5 {[%clk 0:08:37]}  Bxb2 {[%clk 0:00:43]} 33. g4 {[%clk 0:08:19]}  Rg7 {[%clk 0:00:40]} 34. g5 {[%clk 0:06:17]}  Nd7 {[%clk 0:01:04]} 35. R1f4 {[%clk 0:06:19]}  Ne5 {[%clk 0:00:33]} 36. Rxe4 {[%clk 0:06:13]}  Kd6 {[%clk 0:00:40]} 37. h4 {[%clk 0:04:58]}  Bd4 {[%clk 0:00:46]} 38. Kg2 {[%clk 0:04:07]}  a6 {[%clk 0:00:35]} 39. Rf6+ {[%clk 0:03:52]}  Kc7 {[%clk 0:00:51]} 40. Re6 {[%clk 0:03:32]}  Nc6 {[%clk 0:00:35]} 41. Kh3 {[%clk 0:02:18]}  Rf7 {[%clk 0:29:13]} 42. Kg4 {[%clk 0:29:48]}  Rf2 {[%clk 0:20:36]} 43. Kh5 {[%clk 0:29:12]}  Bg7 {[%clk 0:02:18]} 44. a4 {[%clk 0:26:44]}  Rh2 {[%clk 0:00:35]} 45. Bg4 {[%clk 0:17:26]}  Rg2 {[%clk 0:00:43]} 46. Re7+ {[%clk 0:16:14]}  Nxe7 {[%clk 0:01:09]} 47. Rxe7+ {[%clk 0:16:31]}  Kd6 {[%clk 0:01:35]} 48. Rxg7 {[%clk 0:16:56]}  b5 {[%clk 0:01:42]} 49. axb5 {[%clk 0:16:44]}  axb5 {[%clk 0:02:09]} 50. cxb5 {[%clk 0:14:49]}  Rb2 {[%clk 0:00:42]} 51. Rd7+ {[%clk 0:12:48]} 1-0